Prístupy k stanoveniu optimálnej kapitálovej štruktúry
Model MM ako jeden z najvýznamnejších prístupov ku kapitálovej štruktúre. Optimálna kapitálová štruktúra - výsledok výskumov autorov Binsbergena, Grahama a Yanga. Odhad nákladov a prínosov dlhu. Daňové výhody dlhu. Náklady dlhu. Výpočet nákladov dlhu. Optimálna výška dlhu.
Salvato in:
| Autore principale: | |
|---|---|
| Altri autori: | |
| Natura: | Capitolo di libro |
| Lingua: | slovacco |
| Soggetti: | |
| Tags: |
Nessun Tag, puoi essere il primo ad aggiungerne!!
|
MARC
| LEADER | 00000nla$a2200000$$$4500 | ||
|---|---|---|---|
| 001 | 0147258 | ||
| 005 | 20240502083340.7 | ||
| 041 | 0 | |a slo | |
| 044 | |a CZ | ||
| 245 | 1 | 0 | |a Prístupy k stanoveniu optimálnej kapitálovej štruktúry |c Stela Beslerová, Juraj Tobák |
| 520 | |a Model MM ako jeden z najvýznamnejších prístupov ku kapitálovej štruktúre. Optimálna kapitálová štruktúra - výsledok výskumov autorov Binsbergena, Grahama a Yanga. Odhad nákladov a prínosov dlhu. Daňové výhody dlhu. Náklady dlhu. Výpočet nákladov dlhu. Optimálna výška dlhu. | ||
| 610 | 2 | 0 | |a štruktúra kapitálová |
| 610 | 2 | 0 | |a kapitál |
| 610 | 2 | 0 | |a financie |
| 610 | 2 | 0 | |a dlhy |
| 610 | 2 | 0 | |a náklady |
| 610 | 2 | 0 | |a dane |
| 610 | 2 | 0 | |a modely |
| 100 | 1 | |a Beslerová, Stela | |
| 700 | 1 | |a Tobák, Juraj, 1986- | |